000 00958nam a2200277 a 4500
001 000023043
005 20250725140219.0
008 101125s1980 sp a r 000 0 spa d
020 _a8424128591
040 _aDO-SdBNP
_bspa
_cBNPHU
082 _a523
_bT176p
100 1 _aTarade, Guy,
_d1930-
_947413
240 1 0 _aJ'ai retrouvé la piste des extra-terrestres.
_lEspañol.
245 1 0 _aLa pista de los extraterrestres /
_cGuy Tarade ; traducción Encarnación Fuertes García.
260 _aMadrid (España) :
_bEditorial Everest,
_c1980.
300 _a238, [1] p. :
_bil. ;
_c19 cm.
490 1 _aCaduceo
534 _aTítulo original:
_tJ'ai retrouvé la piste des extra-terrestres.
650 0 _aAstronomía
_925809
650 4 _aVida en otro planeta
_947414
650 4 _aComunicación interestelar
_947415
650 0 _a Cosmología
_91848
700 1 _aFuertes García, Encarnación
_etr.
_947416
830 0 _aCaduceo
_947417
049 _aBNGR
999 _c22540
_d22540